00360 2200145 4500001002100000005001700021035002500038082000800063100003000071245003300101250000600134260003600140300002900176990000900205INLIS00000000001256920150112162637.0 a0010-011500000005342 a658 aDrs. Pariata Westra. S.H. aManajemen Pembangunan Daerah a1 aJakartabGhalia Indonesiac1983 a20.5 cm ; 64 hlmc64 hlm a4719